Capitali del mondo che iniziano con la A - Statistics

Statistiche generali
  • Questo quiz è stato fatto 1.297 volte
    1.108 dall'ultimo reset
  • Il punteggio medio è 10 su 15
Statistiche sulle risposte
Risposte % Corretto
Andorra la vella
76%
Amsterdam
74%
Ankara
73%
Antananarivo
71%
Algeri
70%
Addis abeba
68%
Accra
66%
Asuncion
65%
Atene
65%
Asmara
62%
Amman
60%
Abu Dhabi
57%
Abuja
57%
Apia
55%
Ashgabat
55%
Nessun quiz corrispondente trovato
Distribuzione punteggi
Percentuale di utenti per punteggio
Percentile per numero di risposta
I tuoi punteggi nel tempo
Non hai fatto questo quiz dall'ultimo reset